Workforce development politics : (Record no. 6072)
[ view plain ]
| 000 -LEADER | |
|---|---|
| fixed length control field | 01711cam a22003614a 4500 |
| 005 - DATE AND TIME OF LATEST TRANSACTION | |
| control field | 20260205145313.0 |
| 008 - FIXED-LENGTH DATA ELEMENTS--GENERAL INFORMATION | |
| fixed length control field | 031030s2004 paua b 001 0 eng |
| 010 ## - LIBRARY OF CONGRESS CONTROL NUMBER | |
| LC control number | 2003064589 |
| 020 ## - INTERNATIONAL STANDARD BOOK NUMBER | |
| International Standard Book Number | 9781592132294 |
| Qualifying information | (pbk. : alk. paper) |
| 040 ## - CATALOGING SOURCE | |
| Original cataloging agency | KABLIB |
| Transcribing agency | KABLIB |
| Description conventions | rda |
| 082 00 - DEWEY DECIMAL CLASSIFICATION NUMBER | |
| Classification number | 331.12/042/0973 |
| Edition number | 23 |
| Item number | WOR |
| 245 00 - TITLE STATEMENT | |
| Title | Workforce development politics : |
| Remainder of title | civic capacity and performance / |
| Statement of responsibility, etc. | edited by Robert P. Giloth. |
| 260 ## - PUBLICATION, DISTRIBUTION, ETC. | |
| Place of publication, distribution, etc. | Philadelphia : |
| Name of publisher, distributor, etc. | Temple University Press, |
| Date of publication, distribution, etc. | 2004. |
| 300 ## - PHYSICAL DESCRIPTION | |
| Extent | vi, 289 p. : |
| Other physical details | ill. ; |
| Dimensions | 24 cm. |
| 336 ## - CONTENT TYPE | |
| Content type term | text |
| Content type code | txt |
| Source | rdacontent |
| 337 ## - MEDIA TYPE | |
| Media type term | unmediated |
| Media type code | n |
| Source | rdamedia |
| 338 ## - CARRIER TYPE | |
| Carrier type term | volume |
| Carrier type code | nc |
| Source | rdacarrier |
| 504 ## - BIBLIOGRAPHY, ETC. NOTE | |
| Bibliography, etc. note | Includes bibliographical references and index. |
| 650 #0 - SUBJECT ADDED ENTRY--TOPICAL TERM | |
| Topical term or geographic name entry element | Hard-core unemployed |
| General subdivision | Government policy |
| Geographic subdivision | United States. |
| 9 (RLIN) | 15402 |
| 650 #0 - SUBJECT ADDED ENTRY--TOPICAL TERM | |
| Topical term or geographic name entry element | Urban poor |
| General subdivision | Employment |
| -- | Government policy |
| Geographic subdivision | United States. |
| 9 (RLIN) | 15403 |
| 650 #0 - SUBJECT ADDED ENTRY--TOPICAL TERM | |
| Topical term or geographic name entry element | Job creation |
| General subdivision | Government policy |
| Geographic subdivision | United States. |
| 9 (RLIN) | 15404 |
| 650 #0 - SUBJECT ADDED ENTRY--TOPICAL TERM | |
| Topical term or geographic name entry element | Occupational training |
| General subdivision | Government policy |
| Geographic subdivision | United States. |
| 9 (RLIN) | 15405 |
| 650 #0 - SUBJECT ADDED ENTRY--TOPICAL TERM | |
| Topical term or geographic name entry element | Full employment policies |
| Geographic subdivision | United States. |
| 9 (RLIN) | 15406 |
| 650 #0 - SUBJECT ADDED ENTRY--TOPICAL TERM | |
| Topical term or geographic name entry element | Community development, Urban |
| Geographic subdivision | United States. |
| 9 (RLIN) | 15407 |
| 650 #0 - SUBJECT ADDED ENTRY--TOPICAL TERM | |
| Topical term or geographic name entry element | Economic development projects |
| Geographic subdivision | United States. |
| 9 (RLIN) | 15408 |
| 650 #0 - SUBJECT ADDED ENTRY--TOPICAL TERM | |
| Topical term or geographic name entry element | Local government |
| Geographic subdivision | United States. |
| 9 (RLIN) | 15409 |
| 700 1# - ADDED ENTRY--PERSONAL NAME | |
| Personal name | Giloth, Robert. |
| 9 (RLIN) | 15410 |
| 856 41 - ELECTRONIC LOCATION AND ACCESS | |
| Materials specified | Table of contents |
| Uniform Resource Identifier | <a href="http://www.loc.gov/catdir/toc/fy045/2003064589.html">http://www.loc.gov/catdir/toc/fy045/2003064589.html</a> |
| 906 ## - LOCAL DATA ELEMENT F, LDF (RLIN) | |
| a | 7 |
| b | cbc |
| c | orignew |
| d | 1 |
| e | ocip |
| f | 20 |
| g | y-gencatlg |
| 942 ## - ADDED ENTRY ELEMENTS (KOHA) | |
| Source of classification or shelving scheme | Dewey Decimal Classification |
| Koha item type | Book |
| Withdrawn status | Lost status | Source of classification or shelving scheme | Damaged status | Not for loan | Home library | Current library | Shelving location | Date acquired | Source of acquisition | Total Checkouts | Full call number | Barcode | Date last seen | Price effective from | Koha item type |
|---|---|---|---|---|---|---|---|---|---|---|---|---|---|---|---|
| Dewey Decimal Classification | Mukombe Library | Mukombe Library | Open Access Section | 05.02.2026 | Donation | 331.12 WOR | 14503 | 05.02.2026 | 05.02.2026 | Book |